000 00948cam a2200229 4500
001 ABS67191
008 031031n2003 000 0 eng u
035 _a(Sirsi) u124206
245 _aSpecial report: careers
260 _c2003
490 _aProperty Week
_v68(36) 12 September 2003, 49-58(8)
520 _aA special report on careers. The opening feature finds out what graduate surveyors hope to achieve in the property industry. In the second article, three heads of UK property companies tell about their first jobs. The third article asks whether a successful career means working in London and the final article discusses the benefit of working abroad.
590 _aABS
650 _aCAREERS, EDUCATION AND TRAINING
650 _aGRADUATE SURVEYORS
650 _aLONDON
650 _aJOBS
650 _aLOCATION
650 _aWORKING OVERSEAS
690 _aMANAGEMENT-BUSINESS MANAGEMENT-PROFESSIONAL PRACTICE
942 _n0
999 _c73733
_d73733